| 000 | 00487nam a22001577a 4500 | ||
|---|---|---|---|
| 008 | 150601b xxu||||| |||| 00| 0 eng d | ||
| 020 | _a0132116405 | ||
| 041 | 0 | _aeng | |
| 080 | _a338.246.025.2 | ||
| 100 | 1 |
_aWilliamson, Darrell, _d1948- |
|
| 245 | 1 | 0 |
_aDigital control and implementation : _cDarrell Williamson. |
| 300 |
_a625 f. : _bme il. ; _c24 cm. |
||
| 650 | 0 | _aSistemi i kontrollës digjitale | |
| 650 | 0 | _aProcesimi i sinjaleve | |
| 942 |
_2udc _cBK |
||
| 999 |
_c943 _d943 |
||